Normal view
MARC view
Entry Personal Name
001 - CONTROL NUMBER
- control field: 65284
003 - CONTROL NUMBER IDENTIFIER
- control field: dpl
005 - DATE AND TIME OF LATEST TRANSACTION
- control field: 20240430165919.0
008 - FIXED-LENGTH DATA ELEMENTS
- fixed length control field: 240430|| aca||aabn | a|a d
040 ## - CATALOGING SOURCE
- Original cataloging agency: dpl
- Transcribing agency: dpl
100 ## - HEADING--PERSONAL NAME
- Personal name: बागची ,शुभ्रा घोषाल
670 ## - SOURCE DATA FOUND
- Source citation: Work cat.: (dpl)202088: बागची ,शुभ्रा घोषाल, खयालात;इत्र ख्वाहिशों का/ , 2023
